Statistiques concernant Élimination par catégorie - Pokémon n°3

Cliquez ici pour prendre le quiz!

Statistiques générales

  • Ce quiz a été pris 464 fois
  • Le résultat moyen est 12 sur 20

Statistiques - réponses

Groupe#Catégorie% Correct
Vert36Pokémon uniquement de type feu
100%
Vert18... apparu avant la 3ème génération (incluse)
99%
Vert7... au deuxième stade d'évolution
96%
Orange60Pokémon dont le nom commence par la lettre G
92%
Bleu54Pokémon ayant une (ou des) forme(s) régionale(s)
88%
Vert2... bipède
88%
Bleu35... provenant de Galar ou d'Hisui
78%
Violet77Un champion d'arène (des jeux principaux)
77%
Orange15... situé entre Babimanta et Sépiatroce dans le pokédex national
57%
Orange11... de plus de 20kg
53%
Violet27... donnant entre le 3ème et le 5ème badge en le vainquant
53%
Violet12... spécialisé de type Normal, Électrik ou Combat
51%
Bleu8... dont le(s) (deux) type(s) changent totalement entre les formes (Example : Un pokémon de type Feu de base qui devient un pokémon de type Feu et Roche n'est pas valide car le type Feu est présent dans les 2 formes)
49%
Vert1... et dont le nom fini par RMagmar
45%
Bleu3... et dont l'une des formes possèdent le type Spectre
35%
Violet7... apparu après la 4ème génération (incluse)
33%
Orange4... apprenant l'attaque Charge
20%
Bleu1... et ne pouvant évoluer que sous sa forme régionaleCorayon
18%
Violet1... et dont l'ordre d'affrontement change entre les versions du jeu prisent (example : Or, Argent, Crystal, Heart Gold et Soul Silver sont toutes des version différentes de la ligue de Johto)Mélina
14%
Orange1... et possédant une faiblesse au type FeuGivrali
6%

Distribution des résultats

Percentile par nombre de réponses

% des personnes avec chaque résultat

Votre développement - résultats

Vous n’avez pas pris ce quiz